00925 a2200229 4500010001400000020001100014035001300025037001600038082001000054090001700064100001900081245017300100250001200273260005700285270011300342300002400455500002100479700001800500942002500518999001700543952013500560 aENG-89553 c120.00 aEN-73086 bDBAD / PUB14a651.7 c11135d111351 aShukla, Preeti1 aBusiness communication/cby Preeti Shukla; designed & edited by Gaurav Guptab[for BBA/MBA of different Indian Universities and B.Com (Hons) I year of Delhi University] arev. ed aDelhi :bShree Mahavir Book Depot (Publishers)c2008 a2603, Nai Sarak,b DelhicDelhi :e110006k23262993, 23270792l011-23270792mmahavirpublications@hotmail.com a288p.c22 cm (pbk) aInclude appendix aGutpa, Gaurav adplcENk651.7 / SHU c10830d10830 00102ddc40718NFICaDBADbDBADeDBAD/PUBg120.00l0o651.7 SHUpEN-73086r2008-09-15 00:00:00t1u11927v120.00w2008-09-15yEN